01013cam a2200241 a 450000100100000000500170001000800410002704000250006808200190009310000330011224500370014526000370018230000210021949000150024065000280025565000420028383000220032591000370034795201220038495201220050695201280062899900150075600000880720200929161418.0720712s1968 ve 000 f spa d aDO-SdBNPbspacBNPHU aV863.44bB198L1 aBalza, José,d1939-92335110aLargo :bnovela /cJosé Balza. aCaracas :bMonte Ávila,c1968. a141 p. ;c18 cm.1 aContinente 4aNovela venezolana93962 4aLiteratura venezolanaySIGLO XX99777 0aContinente.95070 aValidado. Control de calidad MFF 001054708MOaGRbGRcHDd2009-09-18iLF1l0oV863.44 B198Lp8807-10r2020-06-25w2020-06-25y4ZPréstamo en sala 001050718MOaGRbGRcHDd2009-09-18iLF1l0oV863.44 B198Lp8807-20r2020-06-25te. 2w2020-06-25y1ZNo se presta 001054708MOaGRbGRcHDd2010-04-09iLF1l0oV863.44 B198Lp8807-30r2020-06-25te. 3w2020-06-25y4ZPréstamo en sala c8576d8576